| 000 | 00480nam a2200181Ia 4500 | ||
|---|---|---|---|
| 999 |
_c26534 _d26534 |
||
| 003 | OSt | ||
| 005 | 20260305115422.0 | ||
| 008 | 190216s9999||||xx |||||||||||||| ||und|| | ||
| 020 | _a9788126407200 | ||
| 040 | _coclc | ||
| 082 |
_a894.8123 _bDAS/M |
||
| 100 |
_aDas, Kamala _95366 |
||
| 245 | 0 |
_aManasi / _cKamala Das |
|
| 260 |
_bD C Books, _aKottayam: _c2010. |
||
| 300 | _a116p | ||
| 650 | _aNovel | ||
| 942 |
_cBK _2ddc _h894.8123 _iDAS/M _k894.8123 _mDAS/M |
||